Pokemon-Rap - Statistiken

Allgemein
  • Dieses Quiz wurde 11 mal gespielt
  • Das Durchschnittsergebnis liegt bei 71 aus 150
Antwortstatistiken
Antwort % Korrekt
Digda
100%
Lektrobal
100%
Aquana
88%
Bisaflor
88%
Blitza
88%
Ibitak
88%
Dragoran
88%
Entoron
88%
Golking
88%
Menki
88%
Nebulak
88%
Nidoran
88%
Nidorino
88%
Omot
88%
Ponita
88%
Quappo
88%
Quapsel
88%
Rattfratz
88%
Smettbo
88%
Taubsi
88%
Bisaknosp
75%
Lavados
75%
Sarzenia
75%
Sleima
75%
Abra
63%
Aerodactyl
63%
Arbok
63%
Flegmon
63%
Glutexo
63%
Kingler
63%
Nidoking
63%
Pixi
63%
Porenta
63%
Pummeluff
63%
Rihorn
63%
Schillok
63%
Tentoxa
63%
Alpollo
50%
Arktos
50%
Bibor
50%
Chaneira
50%
Gallopa
50%
Garados
50%
Gengar
50%
Goldini
50%
Habitak
50%
Jugong
50%
Jurob
50%
Kleinstein
50%
Knuddeluff
50%
Lahmus
50%
Magneton
50%
Mauzi
50%
Mewtu
50%
Nidorina
50%
Onix
50%
Owei
50%
Parasek
50%
Rasaff
50%
Relaxo
50%
Rizeros
50%
Rossana
50%
Schiggy
50%
Sleimok
50%
Smogmog
50%
Tangela
50%
Tauboga
50%
Tauboss
50%
Vulpix
50%
Zubat
50%
Amonitas
38%
Austos
38%
Bisasam
38%
Bluzuk
38%
Ditto
38%
Dodri
38%
Dodu
38%
Elektek
38%
Flamara
38%
Geowaz
38%
Giflor
38%
Glumanda
38%
Glurak
38%
Hornliu
38%
Hypno
38%
Kabuto
38%
Kadabra
38%
Kangama
38%
Knofensa
38%
Knogga
38%
Kokuna
38%
Krabby
38%
Lapras
38%
Machollo
38%
Magnetilo
38%
Maschok
38%
Muschas
38%
Nidoqueen
38%
Nidoran
38%
Nockchan
38%
Paras
38%
Piepi
38%
Pikachu
38%
Porygon
38%
Rattikarl
38%
Raupy
38%
Safcon
38%
Sandan
38%
Schlurp
38%
Seemon
38%
Seeper
38%
Simsala
38%
Snobilikat
38%
Starmie
38%
Ultrigaria
38%
Amoroso
25%
Arkani
25%
Digdri
25%
Dragonir
25%
Dratini
25%
Duflor
25%
Enton
25%
Evoli
25%
Fukano
25%
Georok
25%
Golbat
25%
Kicklee
25%
Kokowei
25%
Machomei
25%
Magmar
25%
Myrapla
25%
Pantimos
25%
Pinsir
25%
Quaputzi
25%
Raichu
25%
Rettan
25%
Sandamer
25%
Sichlor
25%
Smogon
25%
Sterndu
25%
Tauros
25%
Tentacha
25%
Tragosso
25%
Traumato
25%
Turtok
25%
Voltobal
25%
Vulnona
25%
Zapdos
25%
Kaputops
13%
Karpardor
13%
Keine übereinstimmenden Quizze gefunden
Verteilung der Resultate
Anzahl Personen mit jedem Resultat
Perzentil nach korrekt beantworteten Fragen
Ihre Resultats-Entwicklung
Sie haben dieses Quiz noch nicht gespielt